Guidance manual for the inspection and condition assessment of tanker structures / (Record no. 3322)
[ view plain ]
| 000 -LEADER | |
|---|---|
| fixed length control field | 00434nam a22001217a 4500 |
| 008 - FIXED-LENGTH DATA ELEMENTS--GENERAL INFORMATION | |
| fixed length control field | 200608b ||||| |||| 00| 0 eng d |
| 110 ## - MAIN ENTRY--CORPORATE NAME | |
| 9 (RLIN) | 2794 |
| Corporate name or jurisdiction name as entry element | Tanker Structure Co-operative Forum |
| 245 10 - TITLE STATEMENT | |
| Title | Guidance manual for the inspection and condition assessment of tanker structures / |
| 260 ## - PUBLICATION, DISTRIBUTION, ETC. (IMPRINT) | |
| Place of publication, distribution, etc | London : |
| Name of publisher, distributor, etc | Tanker Structure Co-operative Forum, |
| Date of publication, distribution, etc | 2010. |
| 300 ## - PHYSICAL DESCRIPTION | |
| Extent | x |
| 650 #0 - SUBJECT ADDED ENTRY--TOPICAL TERM | |
| Topical term or geographic name as entry element | Tanker |
| 942 ## - ADDED ENTRY ELEMENTS (KOHA) | |
| Item type | Books |
| Withdrawn status | Lost status | Source of classification or shelving scheme | Damaged status | Not for loan | Permanent location | Current location | Date acquired | Source of acquisition | Cost, normal purchase price | Full call number | Barcode | Date last seen | Cost, replacement price | Koha item type |
|---|---|---|---|---|---|---|---|---|---|---|---|---|---|---|
| IMU Kolkata | IMU Kolkata | 2011-11-25 | Shroff Publishers and Distributors | 3373.86 | 623.8245 T165 | 11433 | 2020-06-08 | 3373.86 | Books | |||||
| IMU Kolkata | IMU Kolkata | 2011-11-25 | Shroff Publishers and Distributors | 3373.86 | 623.8245 T165 | 11434 | 2020-06-08 | 3373.86 | Books | |||||
| IMU Kolkata | IMU Kolkata | 2011-11-25 | Shroff Publishers and Distributors | 3373.86 | 623.8245 T165 | 11435 | 2020-06-08 | 3373.86 | Books |